| 000 | 01016nam a22002775a 4500 | ||
|---|---|---|---|
| 003 | OSt | ||
| 005 | 20240818095902.0 | ||
| 008 | 170615s2008 ua a grb 000 0 ara d | ||
| 017 | _a2007 / 13381 | ||
| 020 | _a977518987X | ||
| 040 |
_aEG-ScBUE _bara _cEG-ScBUE |
||
| 082 | 0 | 4 |
_222 _b519.9 _aم ص ر |
| 100 | 1 | _aمصري، عادل محمد. | |
| 245 | 1 | 2 |
_aالإحصاء البيولوجي : _bلتحليل التجارب الوراثية والبيولوجية / _cعادل محمد المصري. |
| 260 |
_aالقاهرة : _bمكتبة أوزيريس، _c2008. |
||
| 300 |
_a464 ص. : _bإيض. ؛ _c24 سم. |
||
| 504 | _aيشتمل على إرجاعات ببليوجرافية. | ||
| 650 | 7 |
_2BUEsh _aالإحصاء الحيوي. |
|
| 650 | 7 |
_2BUEsh _aالوراثة _xأساليب إحصائية. |
|
| 651 | _2BUEsh | ||
| 653 |
_bENGGEN _cJune2017 |
||
| 942 |
_2ddc _hRDA-MOD |
||
| 999 |
_c24944 _d24916 |
||
| 336 |
_2rdacontent _aنص _btxt |
||
| 337 |
_aبدون وسيط _2rdamedia _bn |
||
| 338 |
_aمجلد _bnc _2rdacarrier |
||